Eastern Utah Libraries Catalog: Duchesne, Heber, Roosevelt, & Vernal

Endurance : (Record no. 402364)

MARC details
000 -LEADER
fixed length control field 02146pam a2200361 i 4500
001 - CONTROL NUMBER
control field zcodcb b8665929
003 - CONTROL NUMBER IDENTIFIER
control field DLC
005 - DATE AND TIME OF LATEST TRANSACTION
control field 20241211093519.0
008 - FIXED-LENGTH DATA ELEMENTS--GENERAL INFORMATION
fixed length control field 241104s2024 dcua b 001 0 eng
010 ## - LIBRARY OF CONGRESS CONTROL NUMBER
LC control number 2024001007
020 ## - INTERNATIONAL STANDARD BOOK NUMBER
International Standard Book Number 9781426223839
020 ## - INTERNATIONAL STANDARD BOOK NUMBER
International Standard Book Number 1426223838
037 ## - SOURCE OF ACQUISITION
Source of stock number/acquisition Natl Geographic Society, C/O Random House 400 Hahn rd, Westminster, MD, USA, 21157, (212)5722107
Note SAN 201-3975
040 ## - CATALOGING SOURCE
Original cataloging agency LBSOR
Language of cataloging eng
Description conventions rda
Transcribing agency LBSOR
Modifying agency GCmBT
092 ## - LOCALLY ASSIGNED DEWEY CALL NUMBER (OCLC)
Classification number general nonfiction
Item number 919.89 Shears, John
100 1# - MAIN ENTRY--PERSONAL NAME
Personal name Shears, John
Relator term author.
9 (RLIN) 6497286
245 10 - TITLE STATEMENT
Title Endurance :
Remainder of title the discovery of Shackleton's legendary ship /
Statement of responsibility, etc John Shears and Nico Vincent.
260 ## - PUBLICATION, DISTRIBUTION, ETC. (IMPRINT)
Date of publication, distribution, etc 2024/11/05.
264 #1 - Production, Publication, Distribution, Manufacture, and Copyright Notice.
Place of production, publication, distribution, manufacture Washington D.C. :
Name of producer, publisher, distributor, manufacturer National Geographic,
Date of production, publication, distribution, manufacture, or copyr [2024]
300 ## - PHYSICAL DESCRIPTION
Extent 253 pages :
Other physical details illustrations (chiefly color) ;
Dimensions 26 cm.
336 ## - Content Type
Content type term text
337 ## - Media type
Media type term unmediated
338 ## - Carrier type
Carrier type term volume
504 ## - BIBLIOGRAPHY, ETC. NOTE
Bibliography, etc Includes bibliographical references (page 238) and index.
505 0# - FORMATTED CONTENTS NOTE
Formatted contents note The lost ship -- The boss -- The Weddell Sea -- A second chance -- The discovery -- The legacy.
520 ## - SUMMARY, ETC.
Summary, etc "In March 2022, an international polar expedition team made an astonishing find: the wreck of Ernest Shackleton's legendary Endurance, lost in 1915 after being crushed by ice and then swallowed by the Weddell Sea. The harrowing story of Shackleton's survival and rescue of all 27 men aboard is well known, but the ship has lain unseen for a century, 10,000 feet underwater--until now. The vessel remains incredibly intact, as crystal-clear photography and digital scans from the expedition reveal. A thrillingfirsthand account of the expedition coauthored by its leader and deputy leader, this is the first and only book to fully document the discovery, produced in full cooperation with the Falklands Maritime Heritage Trust"--
600 10 - SUBJECT ADDED ENTRY--PERSONAL NAME
Personal name Shackleton, Ernest Henry,
Titles and other words associated with a name Sir,
Dates associated with a name 1874-1922.
610 20 - SUBJECT ADDED ENTRY--CORPORATE NAME
Corporate name or jurisdiction name as entry element Endurance (Ship)
650 #0 - SUBJECT ADDED ENTRY--TOPICAL TERM
Topical term or geographic name as entry element Shipwrecks
Geographic subdivision Antarctic Ocean.
9 (RLIN) 6497287
651 #0 - SUBJECT ADDED ENTRY--GEOGRAPHIC NAME
Geographic name Antarctica
General subdivision Discovery and exploration.
9 (RLIN) 79289
700 1# - ADDED ENTRY--PERSONAL NAME
Personal name Vincent, Nico,
Relator term author.
9 (RLIN) 6497288
942 ## - ADDED ENTRY ELEMENTS (KOHA)
Source of classification or shelving scheme Dewey Decimal Classification
Koha item type BOOK
Holdings
Withdrawn status Lost status Source of classification or shelving scheme Damaged status Not for loan Collection code Home library Current library Shelving location Date acquired Source of acquisition Total Checkouts Total Renewals Full call number Barcode Date last seen Date checked out Cost, replacement price Price effective from Koha item type
    Dewey Decimal Classification     General NonFiction Wasatch County Library Wasatch County Library Second Floor 12/10/2024 Micromarketing 3 1 919.89 Shears 34301002087973 03/06/2025 02/06/2025 50.00 12/10/2024 BOOK
This project was made possible through a grant from the Institute of Museum and Library Service administered by the Utah State Library Division.

Wasatch County Library

  • 465 East 1200 South, Heber City, Utah 84032
  • Phone 435-654-1511 | Fax 435-654-6456

Hours

  • Monday - Friday 9:30 AM - 8:00 PM
  • Saturday 9:30 AM - 1:30 PM
  • Closed Sundays and Holidays